00758nam a2200169 a 450000100100000000500170001000800410002704000250006808200160009310000300010924501060013926000430024530000210028859000750030995201870038499900170057100003498720200930074029.0111024s1974 xxu 000 0 spa d aDO-SdBNPbspacBNPHU axxxxbB261g1 aBarnet, Richard J.95997410aGlobal reach :bthe power of the multinational corporations /cRichard J. Barnet, Ronald E. Müller. aNew York :bSimon and Schuster,c1974. a508 p. ;c24 cm. aPerteneció a la biblioteca personal de Juan Isidro Jimenes Grullón 001050718MOaGRbGRcCTd2011-10-24iLF1l0oxxxx B261gp34987-10r2020-06-25w2020-06-25y1zPerteneció a la biblioteca personal de Juan Isidro Jimenes -GrullónZNo se presta c34478d34478